00525nam a2200181Ia 4500003000900000008004100009020001800050040001600068080001600084100002100100245005600121260004600177300001700223650004100240650001500281650001700296700003000313IN-BaIIA211028s9999 xx 000 0 eng d a0-8615-1063-6 cIIA Library a523.68bMET aKerridge, John F 0aMeteorites and the solar systemc John F. Kerridge  aTucsonbUniversity of Arizona Pressc1988 axvii, 1269p. aAstronomy and astrophysics thesaurus aMeteorites aSolar system aMatthews, Mildred Shapley